| 000 | 00731nam a2200217 a 4500 | ||
|---|---|---|---|
| 001 | 000025838 | ||
| 005 | 20210927144325.0 | ||
| 008 | 110223s1996 dr 000 p spa d | ||
| 040 |
_aDO-SdBNP _bspa _cBNPHU |
||
| 082 |
_aRD861.44 _bG643o |
||
| 100 | 1 |
_aGonzález, Rafael _924695 |
|
| 245 | 1 | 3 |
_aLa otra cara de Pepito / _cRafael González ; prólogo Miguel Ángel Gómez. |
| 260 |
_aLa Romana, República Dominicana : _bImprenta Sami, _c1996. |
||
| 300 |
_a42 p. ; _c23 cm. |
||
| 490 | 1 |
_aOver _v2 |
|
| 650 | 4 |
_aPoesía infantil dominicana _91187 |
|
| 650 | 0 |
_aLITERATURA INFANTIL DOMINICANA _952668 |
|
| 700 | 1 |
_aGómez, Miguel Ángel, _epról. _923560 |
|
| 830 | 0 |
_aOver _n2 _952669 |
|
| 910 | _aValidado. Control de calidad BNPHU | ||
| 999 |
_c25330 _d25330 |
||